|
|
|
|
| LEADER |
00000nas a22000007a 4500 |
| 001 |
ssj0018395 |
| 003 |
WaSeSS |
| 005 |
20200512172242.0 |
| 006 |
m d |
| 007 |
cr n |
| 008 |
031017c20029999dcufr p s 0 a0eng |
| 010 |
|
|
|a 2010201629
|
| 022 |
|
|
|a 2153-4810
|y 1938-6656
|
| 035 |
|
|
|a (WaSeSS)ssj0018395
|
| 037 |
|
|
|b Association for the Study of African American Life and History, C.B. Powell Building, 525 Bryant Street, Suite C142, Washington, DC 20059
|
| 037 |
|
|
|a 22573/ctt1d26w60
|b JSTOR
|
| 040 |
|
|
|a Nz
|b eng
|c UV0
|d AUD
|d RUQBL
|d OCLCQ
|d DLC
|d OCLCQ
|d OCLCF
|d OCLCO
|d OCLCQ
|d TEF
|d VT2
|d UUM
|d WaSeSS
|
| 042 |
|
|
|a pcc
|a nsdp
|
| 043 |
|
|
|a n-us---
|
| 050 |
1 |
4 |
|a E185.5
|b .N383
|
| 082 |
1 |
4 |
|a 305.896
|2 14
|
| 130 |
0 |
|
|a Black history bulletin (Online)
|
| 222 |
|
0 |
|a Black history bulletin
|b (Online)
|
| 245 |
1 |
0 |
|a Black history bulletin
|h [electronic resource].
|
| 260 |
|
|
|a Washington, DC :
|b Association for the Study of African American Life and History.
|
| 310 |
|
|
|a Semiannual
|
| 362 |
1 |
|
|a Print began with vol. 65, no. 1/2 (Jan./June 2002).
|
| 506 |
|
|
|a License restrictions may limit access.
|
| 588 |
|
|
|a Description based on: Vol. 70, no. 1 (winter/spring 2007); title from cover image (Association for the Study of African American Life and History's website, viewed on Feb. 19, 2010).
|
| 588 |
|
|
|a Latest issue consulted: Vol. 71, no. 2 (summer/fall 2008) (Association for the Study of African American Life and History's website, viewed on Feb. 19, 2010).
|
| 650 |
|
0 |
|a African Americans
|x History
|v Periodicals.
|
| 650 |
|
0 |
|a African Americans
|x Race identity
|v Periodicals.
|
| 650 |
|
0 |
|a African Americans
|x Historiography
|v Periodicals.
|
| 650 |
|
6 |
|a Noirs américains
|x Histoire.
|
| 650 |
|
6 |
|a Noirs américains
|x Identité ethnique.
|
| 650 |
|
7 |
|a African Americans.
|2 fast
|0 (OCoLC)fst00799558
|
| 650 |
|
7 |
|a African Americans
|x Historiography.
|2 fast
|0 (OCoLC)fst00799622
|
| 650 |
|
7 |
|a African Americans
|x Race identity.
|2 fast
|0 (OCoLC)fst00799666
|
| 655 |
|
0 |
|a Electronic journals.
|
| 710 |
2 |
|
|a Association for the Study of African-American Life and History.
|
| 776 |
0 |
8 |
|i Print version:
|t Black history bulletin
|x 1938-6656
|w (DLC) 2002252706
|w (OCoLC)49502029
|
| 780 |
0 |
0 |
|t Negro history bulletin (Online)
|w (OCoLC)45201351
|
| 856 |
4 |
0 |
|z Full text available from Research Library: 01/01/2002 to 07/31/2010
|u https://search.proquest.com/publication/15762
|